Responses for show #6095 - Friday, February 25, 2011

2011 Teen Tournament semifinal game 2.

Contestants

Lindsey Thiesfeld, a sophomore from Clarendon Hills, Illinois

Kailyn LaPorte, a sophomore from Decatur, Georgia

Erin Hart, a junior from Benton Harbor, Michigan

Jeopardy! Round responses

U.S. GEOGRAPHY
CURRENT MUSIC
A WORLD OF FOOD
HOLIDAY FILL IN THE BLANK
CASTLES
WORD "PLAY"
    $200 11
the Chesapeake

Kailyn
    $200 14
airplanes

Kailyn
    $200 17
pepper

Lindsey
    $200 6
Labor

Kailyn
    $200 23
Edinburgh Castle

Kailyn
    $200 1
a playground

Kailyn
    $400 12
Pikes Peak

Erin
    $400 19
Paramore

Lindsey
    $400 18
rellenos

Erin
    $400 7
July

Lindsey
    $400 24
Germany

Erin
    $400 2
a playoff

Lindsey
    $600 13
the Mississippi

Lindsey
    $600 20
Willow Smith

Lindsey
    $600 25
grape

Lindsey
    $600 8
Kwanzaa

Erin
    $600 28
Latvia

Triple Stumper
    $600 3
the playlist

Erin
    $800 15
(Erin: What is Michigan? I mean--)
(Alex: No.)
(Erin: --[*]!)
...
(Alex: Unfortunately, there, Erin, I ruled against you when you first said, "What is Michigan?")

Lansing

ErinKailyn
    $800 21
Mike Posner

Lindsey
    $800 26
sesame seeds

Triple Stumper
    $800 9
Andrew

Triple Stumper
    $1,000 29
Spain

Kailyn
    $800 4
play it by ear

Lindsey
    $1000 16
Cape Cod

Kailyn
    $1000 22
(Brandon) Flowers

Kailyn
    $1000 27
strudel

Kailyn
    $1000 10
Thursday

Kailyn
    $1000 30
Queen Elizabeth II (of Great Britain)

Triple Stumper
    $1000 5
playback

Kailyn

Scores at the first commercial break (after clue 15):

Erin Kailyn Lindsey
$800 $3,600 $2,200

Scores at the end of the Jeopardy! Round:

Erin Kailyn Lindsey
$1,600 $7,800 $4,800

Double Jeopardy! Round responses

THE RHINOCEROS
TV
THE MIDTERMS (ELECTIONS, THAT IS)
LITERARY GENRES
GEOMETRY
PALINDROMES
(Alex: Words or phrases that are the same comin' & goin'.)
    $400 22
horns

Erin
    $400 12
Charlie Sheen

Lindsey
    $400 7
committees

Kailyn
    $400 1
fairy

Lindsey
    $400 16
32 degrees

Erin
    $400 2
Eve

Erin
    $800 23
elephants

Lindsey
    $800 13
The Big Bang Theory

Kailyn
    $800 8
Paul

Kailyn
    $800 3
young adult

Erin
    $800 24
15

Erin
    $800 17
Iris

Triple Stumper
    $1200 28
black & white

Lindsey
    $1200 14
Penn Badgley

Triple Stumper
    $1200 9
hunt

Erin
    $1200 4
an autobiography

Kailyn
    $1200 25
a chord

Lindsey
    $1200 18
Tylenol

Erin
    $1600 29
the Endangered Species List

Kailyn
    $1600 15
Jersey Shore

Lindsey
    $1600 10
Fiorina

Kailyn
    $1600 5
a novella

Kailyn
    $3,000 26
a trapezoid

Lindsey
    $1600 19
bees

Kailyn
    $2000 30
Nepal

Kailyn
    $2000 21
Tosh.0

Kailyn
    $2000 11
(Marco) Rubio

Kailyn
    $2,200 6
a sketch

Kailyn
    $2000 27
skew

Triple Stumper
    $2000 20
(Lindsey: What are dogs?)

geese

ErinLindsey

Scores at the end of the Double Jeopardy! Round:

Erin Kailyn Lindsey
$8,800 $25,600 $11,400
(lock game)

[wagering suggestions for these scores]

Final Jeopardy! Round responses

GEOGRAPHIC TERMS
(Alex: [Revealing Erin's response] Yes, those countries are all derived from Latin.)
ErinWhat is Latin America?
$8,800
LindseyWhat is the West Indies?
$10,000
KailynWhat is Latin America?
$42
Latin America

Final scores:

Erin Kailyn Lindsey
$17,600 $25,642 $1,400
2nd place: $10,000 Finalist 3rd place: $10,000

Game dynamics:

Coryat scores:

Erin Kailyn Lindsey
$8,800 $25,200 $10,000
13 R,
1 W
24 R
(including 2 DDs),
0 W
16 R
(including 1 DD),
1 W

Combined Coryat: $44,000

The J! Archive is created by fans, for fans. The Jeopardy! game show and all elements thereof, including but not limited to copyright and trademark thereto, are the property of Jeopardy Productions, Inc. and are protected under law. This website is not affiliated with, sponsored by, or operated by Jeopardy Productions, Inc. Join the discussion at JBoard.tv.